000 01009nam a2200277 4500
003 OSt
005 20260601170956.0
008 260506b2002\\\\xxua||||\||||\00|\0\eng\d
020 _a1581802587 (papel alcalino)
040 _aICI
_bspa
_cICI
041 _aeng
050 _aNC998.4
_bF55
100 1 _aFinke, Gail Deibler,
_d1964-
_eautor
245 1 _aPowerful page design :
_btop designers lay out their concepts to reveal their inspirations /
_cby Gail Deibler Finke and Clare Warmke ; designed by Lisa Buchanan
264 _aCincinnati, Ohio :
_bHow Design Books,
_c2002
300 _a143 páginas :
_bilustraciones a color
336 _atexto
_2rdacontent
337 _asin medio
_2rdamedia
338 _avolumen
_2rdacarrier
650 _aArte comercial
_xHistoria
_ySiglo XX
_930566
650 _aArtes gráficas
_xHistoria
_ySiglo XX
_930567
650 _aDibujo por computadora
_930568
700 1 _aWarmke, Clare,
_eautor
_930569
700 1 _aBuchanan, Lisa,
_eprologuista
_930570
942 _2lcc
_cB
_n1
999 _c19833
_d19833